Marketing management : A strategic decision making approach

Guardat en:
Dades bibliogràfiques
Format: Llibre
Idioma:Undetermined
Publicat: Boston McGraw Hill 2006
Matèries:
Etiquetes: Afegir etiqueta
Sense etiquetes, Sigues el primer a etiquetar aquest registre!
Thư viện lưu trữ: Trung tâm Học liệu Trường Đại học Cần Thơ
LEADER 00530nam a2200205Ia 4500
001 CTU_100167
008 210402s9999 xx 000 0 und d
020 |c 447000 
082 |a 658.8 
082 |b M298 
245 0 |a Marketing management : 
245 2 |b A strategic decision making approach 
245 0 |c Mullins ... [et al.] 
260 |a Boston 
260 |b McGraw Hill 
260 |c 2006 
650 |a Marketing 
650 |x Management 
904 |i Hiếu 
980 |a Trung tâm Học liệu Trường Đại học Cần Thơ